Escudos Países Oceanía - Estadísticas

Estadísticas generales
  • Esta prueba ha sido intentada 41 veces
  • La puntuación promedio es 13 de 14
Estadísticas de respuestas
Imagen Respuesta % Correcto
Australia
100%
Tonga
100%
Islas Marshall
97%
Kiribati
97%
Micronesia
97%
Nueva Zelanda
97%
Palaos
97%
Samoa
97%
Tuvalu
97%
Nauru
90%
Fiyi
79%
Vanuatu
72%
Papúa Nueva Guinea
69%
Islas Salomón
66%
No se encontraron pruebas coincidentes
Distribución de puntuación
Porcentaje de gente con cada puntuación
Porcentaje por número respondido
Historial de tus puntuaciones
No has intentado esta prueba.